000 00857nam a22002297a 4500
005 20240530110934.0
008 220221s2004 ua c g b 000 0 ara d
017 _bمصر. دار الكتب
040 _aEG-CaGPL
_cEG-CaGPL
082 0 4 _221
_a361.05 /
_bل ح
100 0 _aلجنة متخصصة
245 1 0 _aالحاجات الترويحية للطفولة والشباب فى المجتمع العربى /
_cلجنة متخصصة
260 _aالاسكندرية :
_bالمكتبة المصرية للنشر و التوزيع ،
_c2004
300 _a69 ص ؛
_c24 سم
490 _aسلسلة الطفل العربى
_v( 9 )
650 0 7 _aالطفولة
_2qrmak
650 0 7 _aالشباب
_2qrmak
650 0 7 _aالمجتمع العربى
_2qrmak
651 _2qrmak
942 _2ddc
_cBK
999 _c66707
_d66707